Primi 15 paesi interessati da Covid-19 - 23 luglio - Statistics

Statistiche generali
  • Questo quiz è stato fatto 8 volte
  • Il punteggio medio è 11 su 25
Statistiche sulle risposte
nazione % Corretto
Italia
88%
Regno Unito
88%
Stati Uniti
88%
Brasile
75%
Messico
75%
Russia
75%
India
63%
Perù
63%
Spagna
63%
Colombia
50%
Iran
50%
Arabia Saudita
38%
Qatar
38%
Sudafrica
38%
Svezia
38%
Bahrain
25%
Cile
25%
Cile
25%
Kuwait
25%
Pakistan
25%
Bielorussia
13%
Oman
13%
Singapore
13%
Armenia
0%
Panama
0%
Nessun quiz corrispondente trovato
Distribuzione punteggi
Percentuale di utenti per punteggio
Percentile per numero di risposta
I tuoi punteggi nel tempo
Non hai fatto questo quiz